| 000 | 00574nam a22001817a 4500 | ||
|---|---|---|---|
| 005 | 20250627164647.0 | ||
| 010 | _aENG-145326 | ||
| 020 |
_a9788195048694 _c170.00 |
||
| 035 | _aEN-128858 | ||
| 037 | _bDBAD | ||
| 082 | _a303.623 | ||
| 245 |
_aBengal Bleeding Amidst "Secular" SilenceĀ / _cedited by Rahul Shastri |
||
| 260 |
_bSamvit Prakashan and Media PVT. LTD _c2021 |
||
| 270 |
_a1585,1654,madarsa road, kashmere gate _b Delhi _e 110006 |
||
| 300 |
_a131p.; _c22cm(pb) |
||
| 700 |
_aShastri, rahul _eEditor _981947 |
||
| 942 |
_2ddc _cEN _mBEN _h303.623 |
||
| 999 |
_c211763 _d211763 |
||